| 000 | 00704nmm a2200241 a 4500 | ||
|---|---|---|---|
| 003 | AR-BaBNM | ||
| 005 | 20251128204000.0 | ||
| 008 | 230020s1973 ||||||||||||||000 | spa|| | ||
| 040 | _cAR-BaBNM | ||
| 110 | 2 | _aInstituto ILVEM | |
| 245 | 1 | 0 | _aCurso teórico práctico de lectura veloz |
| 260 |
_aBuenos Aires _bInstituto Ilvem {Argentina} _c1973 |
||
| 300 | 0 |
_a72 p. _bgráfs. |
|
| 500 | 0 | _aManual de instrucciones para la enseñanza individualizada | |
| 650 | 4 | _aLECTURA RAPIDA | |
| 650 | 4 | _aMEJORA DE LA LECTURA | |
| 650 | 4 | _aPRUEBAS DE LECTURA | |
| 650 | 4 | _aPROGRAMAS DE LECTURA | |
| 650 | 4 | _aENSENANZA INDIVIDUALIZADA | |
| 650 | 4 | _aCURSOS DE CAPACITACION | |
| 942 | _cBK | ||
| 998 | _cRAQUEL | ||
| 999 |
_c5700 _d5700 |
||